000 00670nam a22001817a 4500
005 20251108164907.0
008 250721s9999 xx 000 0 ara d
082 1 4 _a370.19/ندو
100 1 _aإبراهيم، سعد الدين
_eمحرر
111 2 _aندوة مستقبل النظام العالمي و تجارب تطوير التعليم
245 1 0 _aمستقبل النظام العالمي و تجارب تطوير التعليم /
264 _bمنتدى الفكر العربي،
_c[19-].
300 _a342 ص.
650 1 7 _aعلم الإجتماع التربوي
650 1 7 _aتكنولوجيا التعليم
942 _2ddc
_cBK
999 _c16852
_d16852